Library Banner

Child and adolescent development in your classroom / (Record no. 116791)

MARC details
000 -LEADER
fixed length control field 00498nam a22001697a 4500
005 - DATE AND TIME OF LATEST TRANSACTION
control field 20200128113858.0
008 - FIXED-LENGTH DATA ELEMENTS--GENERAL INFORMATION
fixed length control field 200128b ||||| |||| 00| 0 eng d
020 ## - INTERNATIONAL STANDARD BOOK NUMBER
International Standard Book Number 9781285427348
040 ## - CATALOGING SOURCE
Transcribing agency PK-LaUMT
082 ## - DEWEY DECIMAL CLASSIFICATION NUMBER
Classification number 370.15
Item number BER-C
100 ## - MAIN ENTRY--PERSONAL NAME
Personal name Bergin, Christi Crosby
245 ## - TITLE STATEMENT
Title Child and adolescent development in your classroom /
Statement of responsibility, etc by Christi Crosby Bergin and David Allen Bergin
250 ## - EDITION STATEMENT
Edition statement 2nd ed.
260 ## - PUBLICATION, DISTRIBUTION, ETC. (IMPRINT)
Place of publication, distribution, etc Stamford :
Name of publisher, distributor, etc Cengage Learning
Date of publication, distribution, etc 2015
300 ## - PHYSICAL DESCRIPTION
Extent 708 p.
942 ## - ADDED ENTRY ELEMENTS (KOHA)
Koha item type Books
Holdings
Withdrawn status Lost status Damaged status Home library Current library Date acquired Full call number Barcode Date last seen Price effective from Koha item type
      UMT Main Campus UMT Main Campus 2020-01-28 370.15 BER-C 132997 2020-01-28 2020-01-28 Books